¿Es eficaz la planificación participativa en el desarrollo local?

Сохранить в:
Библиографические подробности
Главный автор: Castro Gómez, Gerardo
Формат: Текст
Опубликовано: San José: UCR. FCS. IIS
Предметы:
Метки: Добавить метку
Нет меток, Требуется 1-ая метка записи!

MARC

LEADER 00000 a a2200000 04500
001 19173
003
040
090 |a 143613  
100 |a Castro Gómez, Gerardo  
245 |a ¿Es eficaz la planificación participativa en el desarrollo local?  
260 |a San José:   |b UCR. FCS. IIS  
300 |a 3 p  
650 |a PUB.IIS  
650 |a PROGRAMAS GUBERNAMENTALES  
650 |a DELEGACION DE LA TOMA DE DECISIONES  
650 |a PLANO LOCAL  
650 |a DESARROLLO LOCAL  
650 |a DESARROLLO REGIONAL  
650 |a GOBIERNO LOCAL  
999 |c 16225  |d 16225